| 000 | 00992nmc a2200325 a 4500 | ||
|---|---|---|---|
| 003 | AR-BaBNM | ||
| 005 | 20251128211814.0 | ||
| 008 | 026020s2004 ||||||||||||||000 | spa|| | ||
| 020 | _a950-641-436-X | ||
| 040 | _cAR-BaBNM | ||
| 100 | 1 | _aJacques, Elliott | |
| 245 | 1 | 0 |
_aLa organización requerida _bun sistema integrado para crear organizaciones eficaces y aplicar el liderazgo gerencial en el siglo XXI |
| 250 | _a2ª ed. | ||
| 260 |
_aBuenos Aires _bGranica _c2004 |
||
| 300 | 0 | _a396 p. | |
| 490 | 0 | _aManagement. Colección Master | |
| 650 | 4 | _aADMINISTRACION DE EMPRESAS | |
| 650 | 4 | _aRECURSOS HUMANOS | |
| 650 | 4 | _aLIDERAZGO | |
| 650 | 4 | _aORGANIZACION DEL TRABAJO | |
| 650 | 4 | _aCONTROL ADMINISTRATIVO | |
| 650 | 4 | _aADMINISTRACION DEL PERSONAL | |
| 650 | 4 | _aADMINISTRACION DE RECURSOS | |
| 650 | 4 | _aGESTION DE LA PRODUCCION | |
| 650 | 4 | _aSIGLO VEINTIUNO | |
| 653 | 0 | _aMARKETING | |
| 653 | 0 | _aTEORIA DE LAS ORGANIZACIONES | |
| 942 | _cBK | ||
| 998 | _cme-solo cat | ||
| 999 |
_c21199 _d21199 |
||